Slovenské stopy pod Himalájami Náš časopis putoval k jubilujúcemu Everestu

Bibliographic Details
Main Author: Lacika, Ivan (Author)
Format: Article
Language:Slovak
PhysicalDescription:Fotogr. 11
Subjects:

MARC

LEADER 00000nab a2200000 a 4500
001 vtls000505419
003 SK-MaSNL
005 20260303003205.0
008 120927c1993 xo 0 slo
015 |a SNBRB19rr/mm-uuuuu 
035 |a CL0505557 
040 |a SNKBUCL  |b slo  |c SNKBUCL  |e AACR2 
041 0 |a slo 
044 |a xo  |c SK 
080 |a 910.4:796.52  |2 1981 
080 |a 796.52  |2 1981 
080 |a 908.541.35  |2 1981 
080 |a 908(235.243)  |2 1981 
100 1 |a Lacika, Ivan  |4 aut  |9 277239 
245 1 0 |a Slovenské stopy pod Himalájami  |b Náš časopis putoval k jubilujúcemu Everestu  |c Ivan Lacika 
300 |b Fotogr. 11 
650 0 7 |a horolezecké expedície  |2 snkbucl  |9 1570 
651 7 |a Mount Everest (Himaláje, Čína a Nepál)  |2 snkbucl  |9 169186 
655 7 |a články z novín a časopisov  |2 snkbucl  |9 267496 
773 0 |t Slovensko  |g Roč. 17, č. 6 (1993), s. 33-37 
850 |a Slovenská národná knižnica v Martine  |a MTA001 
852 |a SNK  |b KIS3GCP 
958 |a RK 
992 |a RBX 
999 |c 1571533  |d 1573463